<?xml version="1.0" encoding="UTF-8"?>
<record
    xmlns:xsi="http://www.w3.org/2001/XMLSchema-instance"
    xsi:schemaLocation="http://www.loc.gov/MARC21/slim http://www.loc.gov/standards/marcxml/schema/MARC21slim.xsd"
    xmlns="http://www.loc.gov/MARC21/slim">

  <leader>01625nam a22002057a 4500</leader>
  <controlfield tag="005">20240221091513.0</controlfield>
  <controlfield tag="008">240216b           ||||| |||| 00| 0 eng d</controlfield>
  <datafield tag="020" ind1=" " ind2=" ">
    <subfield code="a">9780241529720</subfield>
  </datafield>
  <datafield tag="040" ind1=" " ind2=" ">
    <subfield code="c">AL</subfield>
  </datafield>
  <datafield tag="041" ind1=" " ind2=" ">
    <subfield code="a">eng</subfield>
  </datafield>
  <datafield tag="082" ind1=" " ind2=" ">
    <subfield code="2">23</subfield>
    <subfield code="a">152.4</subfield>
    <subfield code="b">SMIW</subfield>
  </datafield>
  <datafield tag="100" ind1=" " ind2=" ">
    <subfield code="a">Julie Smith</subfield>
    <subfield code="9">151706</subfield>
  </datafield>
  <datafield tag="245" ind1=" " ind2=" ">
    <subfield code="a">Why has nobody told me this before</subfield>
  </datafield>
  <datafield tag="260" ind1=" " ind2=" ">
    <subfield code="a">UK</subfield>
    <subfield code="b">Penguin Random House</subfield>
    <subfield code="c">2022</subfield>
  </datafield>
  <datafield tag="300" ind1=" " ind2=" ">
    <subfield code="a">ix,351p.</subfield>
    <subfield code="b">PB</subfield>
    <subfield code="c">23x15cm.</subfield>
  </datafield>
  <datafield tag="365" ind1=" " ind2=" ">
    <subfield code="2">General</subfield>
    <subfield code="a">VIB-2022</subfield>
    <subfield code="b">&#x20B9;524.00</subfield>
    <subfield code="c">&#x20B9;</subfield>
    <subfield code="d">&#x20B9;699.00</subfield>
    <subfield code="e">25%</subfield>
    <subfield code="f">16-01-2024</subfield>
  </datafield>
  <datafield tag="520" ind1=" " ind2=" ">
    <subfield code="a">Sound, therapeutic wisdom that is easy to gulp down. Full of principles and advice that work and comfort whether you are in a very bad situation or an everyday worrying one. I'm sure this book is already helping lots of people. Great work, Dr Julie' MATT HAIG, bestselling author of REASONS TO STAY ALIVE 'I'm blown away by her ability to communicate difficult ideas with ease, simplicity and practicality. Amazing. Go and buy it now!' Jay Shetty 'Relatable, real and easy to digest . . . As if your wise best friend is chatting to you. An essential mental-health bible for adults and teenagers' YOU Magazine 'If you want to feel like you have a therapist sitting across from you, empowering you with how to be your best self, this book is for you!' Nicole  New York Times bestselling author of How to Do the Work 'Smart, insightful, and warm. Dr Julie is both the expert and wise friend we all need' Lori Gottlieb, New York Times bestselling author of Maybe You Should Talk to Someone and co-host of the 'Dear Therapists' podcast</subfield>
  </datafield>
  <datafield tag="650" ind1=" " ind2=" ">
    <subfield code="2">Philosophy and Psychology</subfield>
    <subfield code="a"> Psychology</subfield>
    <subfield code="9">151707</subfield>
  </datafield>
  <datafield tag="942" ind1=" " ind2=" ">
    <subfield code="2">ddc</subfield>
    <subfield code="c">BK</subfield>
  </datafield>
  <datafield tag="999" ind1=" " ind2=" ">
    <subfield code="c">229841</subfield>
    <subfield code="d">229841</subfield>
  </datafield>
  <datafield tag="952" ind1=" " ind2=" ">
    <subfield code="0">0</subfield>
    <subfield code="1">0</subfield>
    <subfield code="2">ddc</subfield>
    <subfield code="4">0</subfield>
    <subfield code="7">0</subfield>
    <subfield code="8">GEN</subfield>
    <subfield code="a">SACPG</subfield>
    <subfield code="b">SACPG</subfield>
    <subfield code="d">2024-01-23</subfield>
    <subfield code="e">Vidyarthi Books</subfield>
    <subfield code="g">524.00</subfield>
    <subfield code="l">1</subfield>
    <subfield code="o">152.4 SMIW</subfield>
    <subfield code="p">PG024585</subfield>
    <subfield code="q">2025-03-31</subfield>
    <subfield code="r">2024-12-18 00:00:00</subfield>
    <subfield code="s">2024-12-18</subfield>
    <subfield code="v">699.00</subfield>
    <subfield code="w">2024-02-16</subfield>
    <subfield code="y">BK</subfield>
  </datafield>
</record>
